| 000 | 00937nam a2200265 a 4500 | ||
|---|---|---|---|
| 001 | BRCA_5445 | ||
| 005 | 20190320205100.0 | ||
| 008 | 830624s1913 nyuac#####---#000-0#eng-# | ||
| 041 | _aeng | ||
| 044 | _anyu | ||
| 050 | 4 |
_aND813 _b.M87 1913 |
|
| 245 | 1 | 0 |
_aThe work of Murillo _breproduced in two hundred and eighty-seven illustrations: with a biographical introduction. |
| 260 |
_aNueva York _bBrentano´s _c1913 |
||
| 300 |
_a13p., 281 p. de láminas _bil. 287 láminas _c27 cm. |
||
| 440 | 0 |
_aClassics in art series _v16 _913908 |
|
| 500 | _aEstado físico: lomo parcialmente desprendido del pie | ||
| 500 | _aIncluye doscientas ochenta y siete ilustraciones e introducción biográfica | ||
| 500 | _aEdición con cabeza dorada | ||
| 500 | _aM30 | ||
| 600 | 1 | 4 |
_aMurillo, Bartolomé Esteban _d1617-1682 _913827 |
| 650 | 1 | 4 |
_aPintores españoles _97620 |
| 650 | 1 | 4 |
_aPinturas españolas _97789 |
| 902 | _aGFM | ||
| 942 |
_2lcc _cB |
||
| 999 |
_c5139 _d5139 |
||